000 01361 a2200409 4500
001 59435
005 20260407155848.0
008 260407a1964 arg spa d
003 AR-UNSa-BCEJYS
040 _aAR-UNSa-BCEJYS
_bspa
_cAR-UNSa-BCEJYS
080 _a339.92
_xCooperación económica internacional. Integración económica internacional
245 1 0 _aIntegración de la América Latina
_pexperiencias y perspectivas
264 1 _aMéxico :
_bFondo de Cultura Económica
_c1964
300 _axxxi, 381 p.
_c21 cm.
505 _a1. Enfoques teóricos - 2. La asociación latinoamericana de libre comercio - 3. El programa de integración centroamericana
041 _aspa
942 _cBK
590 _aniveau_biblio:m niveau_hierar:0
100 1 _aWionczek, Miguel S.
700 1 _aBalassa, Bela
700 1 _aLinder, Staffan Burenstam
700 1 _aKitamura, Hiroshi
700 1 _aDell, Sidney
700 1 _aMagariños, Gustavo
700 1 _aPrebisch, Raúl
700 1 _aGarcía Reynoso, Plácido
700 1 _aTinbergen, Jan
700 1 _aAngulo, Enrique
700 1 _aHerrera, Felipe
700 1 _aMikesell, Raymond F.
700 1 _aGalveas, Ernane
700 1 _aSiegel, Barry N.
700 1 _aTriffin, Robert
700 1 _aMoscarella, Joseph
700 1 _aMills, Joseph C.
700 1 _aGonzález del Valle, Jorge
999 _c6689
_d6689